<?xml version="1.0" encoding="UTF-8"?><?xml-stylesheet type="text/xsl" href="static/style.xsl"?><OAI-PMH xmlns="http://www.openarchives.org/OAI/2.0/" xmlns:xsi="http://www.w3.org/2001/XMLSchema-instance" xsi:schemaLocation="http://www.openarchives.org/OAI/2.0/ http://www.openarchives.org/OAI/2.0/OAI-PMH.xsd"><responseDate>2026-04-17T13:11:42Z</responseDate><request verb="GetRecord" identifier="oai:www.recercat.cat:10230/35021" metadataPrefix="marc">https://recercat.cat/oai/request</request><GetRecord><record><header><identifier>oai:recercat.cat:10230/35021</identifier><datestamp>2025-12-13T21:28:37Z</datestamp><setSpec>com_2072_6</setSpec><setSpec>col_2072_452952</setSpec></header><metadata><record xmlns="http://www.loc.gov/MARC21/slim" xmlns:dcterms="http://purl.org/dc/terms/" xmlns:xsi="http://www.w3.org/2001/XMLSchema-instance" xmlns:doc="http://www.lyncode.com/xoai" xsi:schemaLocation="http://www.loc.gov/MARC21/slim http://www.loc.gov/standards/marcxml/schema/MARC21slim.xsd">
   <leader>00925njm 22002777a 4500</leader>
   <datafield ind2=" " ind1=" " tag="042">
      <subfield code="a">dc</subfield>
   </datafield>
   <datafield ind2=" " ind1=" " tag="720">
      <subfield code="a">Sepúlveda, Maria</subfield>
      <subfield code="e">author</subfield>
   </datafield>
   <datafield ind2=" " ind1=" " tag="720">
      <subfield code="a">Munteis Olivas, Elvira</subfield>
      <subfield code="e">author</subfield>
   </datafield>
   <datafield ind2=" " ind1=" " tag="720">
      <subfield code="a">Saiz, Albert</subfield>
      <subfield code="e">author</subfield>
   </datafield>
   <datafield ind2=" " ind1=" " tag="260">
      <subfield code="c">2018-07-03T08:19:56Z</subfield>
   </datafield>
   <datafield ind2=" " ind1=" " tag="260">
      <subfield code="c">2018-07-03T08:19:56Z</subfield>
   </datafield>
   <datafield ind2=" " ind1=" " tag="260">
      <subfield code="c">2017</subfield>
   </datafield>
   <datafield ind2=" " ind1=" " tag="520">
      <subfield code="a">BACKGROUND: Population-based studies on neuromyelitis optica spectrum disorders (NMOSD) are limited, and it is unclear whether the rates have changed with the implementation of the new 2015 criteria. OBJECTIVES: To estimate the incidence and prevalence of NMOSD in Catalonia (Spain), using both the 2006 and the 2015 criteria. METHODS: In this clinic-based retrospective study, patients diagnosed with NMOSD between 2006 and 2015 were identified using multiple sources, including direct contact to all Catalan hospitals, identification of cases through the Catalan Health Surveillance System, and registry of antibodies to aquaporin-4 (AQP4-IgG) and myelin oligodendrocyte glycoprotein (MOG-IgG) in a reference laboratory. The incidence rate was calculated for the period 1 January 2006-1 January 2016 and prevalence for the date 1 January 2016.  RESULTS: We identified 74 patients (by the 2015 criteria). Most patients were Caucasian (81%), and female (76%) with a median age at disease onset of 42 years (range, 10-76 years). In total, 54 (73%) patients were positive for AQP4-IgG, 11 (15%) double-seronegative, and 9 (12%) MOG-IgG-positive. Rates of incidence and prevalence (0.63/1,000,000 person-years and 0.89/100,000, respectively) were 1.5-fold higher than those reported by the 2006 criteria. Lowest rates were seen in children and elder people and highest in women and middle-aged people (40-59 years). The female predominance was lost in incident AQP4-IgG-seronegative children and AQP4-IgG-positive elder people. MOG-IgG and double-seronegativity contributed similarly but did not influence the long-term outcome. CONCLUSION: The new criteria increase the estimates, but NMOSD remains as a rare disease. The differences in age- and sex-specific estimates highlight the importance of the serologic classification.</subfield>
   </datafield>
   <datafield tag="653" ind2=" " ind1=" ">
      <subfield code="a">Immunoglobulines</subfield>
   </datafield>
   <datafield tag="653" ind2=" " ind1=" ">
      <subfield code="a">Malalties rares (Catalunya)</subfield>
   </datafield>
   <datafield tag="653" ind2=" " ind1=" ">
      <subfield code="a">AQP4-antibodies</subfield>
   </datafield>
   <datafield tag="653" ind2=" " ind1=" ">
      <subfield code="a">MOG-antibodies</subfield>
   </datafield>
   <datafield tag="653" ind2=" " ind1=" ">
      <subfield code="a">Neuromyelitis optica spectrum disorders</subfield>
   </datafield>
   <datafield tag="653" ind2=" " ind1=" ">
      <subfield code="a">Incidence</subfield>
   </datafield>
   <datafield tag="653" ind2=" " ind1=" ">
      <subfield code="a">Prevalence</subfield>
   </datafield>
   <datafield ind2="0" ind1="0" tag="245">
      <subfield code="a">Epidemiology of NMOSD in Catalonia: Influence of the new 2015 criteria in incidence and prevalence estimates</subfield>
   </datafield>
</record></metadata></record></GetRecord></OAI-PMH>